00948nam a22002652 450000100060000000300080000600500170001400800410003103500190007204000270009104100080011808200260012610000360015224501470018825000120033526000570034730000350040449000600043950000200049950400580051965000140057783000120059170000280060383000510063116124BD-RjUL20211208235946.0140211s1955 nyu 001 0 eng d a(BD-RjUL)16179 aITDcITDdBD-RjULbeng aeng04a669.734218bLIT 19551 aLi, K. C.q(Kuo-chʿin),d1892-10aTungsten :bits history, geology, ore-dressing, metallurgy, chemistry, analysis, applications, and economics /cby K. C. Li and Chung Yu Wang. a3rd ed. aNew York :bReinhold publishing corporation,cc1955. axx, 506 p. :billus. ;c24 cm.1 aMonograph series (American Chemical Society) ;vno. 130 aIncludes index. a"References relating to tungsten alloys": p. 462-469. 0aTungsten. 0vno. 1301 aWang, Ch'ung-yu,d1879- 0aMonograph series (American Chemical Society) ;